Fault location and service restoration for electrical distribution systems / (Record no. 598075)

000 -LEADER
fixed length control field 00321nam a2200109Ia 4500
008 - FIXED-LENGTH DATA ELEMENTS--GENERAL INFORMATION
fixed length control field 230907s9999||||xx |||||||||||||| ||und||
082 ## - DEWEY DECIMAL CLASSIFICATION NUMBER
Classification number 621.3
Author Mark 0288,FAU
100 ## - MAIN ENTRY--PERSONAL NAME
Personal name Liu, Jian
9 (RLIN) 115313
245 #0 - TITLE STATEMENT
Title Fault location and service restoration for electrical distribution systems /
300 ## - PHYSICAL DESCRIPTION
Extent xii, 244 pages ;
942 ## - ADDED ENTRY ELEMENTS (KOHA)
Koha item type Book
Holdings
Withdrawn status Lost status Damaged status Not for loan Permanent Location Current Location Date acquired Total Checkouts Full call number Barcode Date last seen Price effective from Koha item type
        US-Pakistan Center for Advanced Studies in Energy (USPCAS-E) US-Pakistan Center for Advanced Studies in Energy (USPCAS-E) 06/05/2018   621.3 0288,FAU CAS-E0002174 09/12/2023 09/12/2023 Book
© 2023 Central Library, National University of Sciences and Technology. All Rights Reserved.